Breve historia de Querétaro /

Este libro es un repaso general de la historia del estado de Querétaro, desde sus primeros pobladores y culturas prehispánicas, hasta el año de 1985.

Guardado en:
Detalles Bibliográficos
Autor principal: Rincón Frías, Gabriel (autor)
Otros autores: Anaya Larios, José Rodolfo (autor) (autor), Gómez Labardini, María Isabel (autor) (autor)
Formato: Libro
Idioma:Español
Publicado: Querétaro, México : Gobierno del Estado de Querétaro, 1986, c1986
Colección:(Documentos de Querétaro ; 1)
Temas:
Etiquetas: Agrega una etiqueta
Sin etiquetas, Sé el primero en etiquetar este registro!

MARC

LEADER 00000nam^a2200000^a^4500
001 000095939
005 20250521000000.0
009 20260310092925.384
020 |a 968-6140-01-8 
037 |a Acervo ITESO - Biblioteca 
041 |a ESP 
082 |a 972. 45  |b RIN 
100 |a Rincón Frías, Gabriel  |e (autor) 
245 1 0 |a Breve historia de Querétaro /  |c G. Rincón Frías, J.R. Anaya Larios, M.I. Gómez Labardini. 
264 4 |a Querétaro, México :  |b Gobierno del Estado de Querétaro,  |c 1986, c1986 
300 |a 164 p. 
336 |a texto  |b txt  |2 rdacontenido 
337 |a sin mediación  |b n  |2 rdamedio 
338 |a volumen  |b nc  |2 rdasoporte 
440 1 |a (Documentos de Querétaro ;  |v 1) 
520 |a Este libro es un repaso general de la historia del estado de Querétaro, desde sus primeros pobladores y culturas prehispánicas, hasta el año de 1985. 
649 |a XX 
650 |a Querétaro -  |x Historia 
650 |a México -  |x Historia 
700 |a Anaya Larios, José Rodolfo  |e (autor) 
700 |a Gómez Labardini, María Isabel  |e (autor) 
910 |a Fondo Jesús Rodríguez 
920 |a Impresos - Libros 
930 |a Fondos Especiales 
905 |a 113 
901 |a 0500030847  |b IT2  |c ESP  |u 20250521 
902 |a https://opac.biblio.iteso.mx/vufind/Record/000095939